<?xml version="1.0" encoding="UTF-8"?>
<record
    xmlns:xsi="http://www.w3.org/2001/XMLSchema-instance"
    xsi:schemaLocation="http://www.loc.gov/MARC21/slim http://www.loc.gov/standards/marcxml/schema/MARC21slim.xsd"
    xmlns="http://www.loc.gov/MARC21/slim">

  <leader>00139nam a22000737a 4500</leader>
  <datafield tag="999" ind1=" " ind2=" ">
    <subfield code="c">66120</subfield>
    <subfield code="d">66117</subfield>
  </datafield>
  <datafield tag="100" ind1=" " ind2=" ">
    <subfield code="a">Lawis Toft</subfield>
  </datafield>
  <datafield tag="245" ind1=" " ind2=" ">
    <subfield code="a">Practical mathematics</subfield>
  </datafield>
  <datafield tag="942" ind1=" " ind2=" ">
    <subfield code="c">BK</subfield>
  </datafield>
  <datafield tag="952" ind1=" " ind2=" ">
    <subfield code="0">0</subfield>
    <subfield code="1">0</subfield>
    <subfield code="4">0</subfield>
    <subfield code="7">0</subfield>
    <subfield code="a">QUESTCL</subfield>
    <subfield code="b">QUESTCL</subfield>
    <subfield code="d">2019-12-18</subfield>
    <subfield code="l">1</subfield>
    <subfield code="p">959</subfield>
    <subfield code="r">2020-02-11 00:00:00</subfield>
    <subfield code="s">2020-02-11</subfield>
    <subfield code="w">2019-12-18</subfield>
    <subfield code="y">BK</subfield>
  </datafield>
  <datafield tag="952" ind1=" " ind2=" ">
    <subfield code="0">0</subfield>
    <subfield code="1">0</subfield>
    <subfield code="4">0</subfield>
    <subfield code="7">0</subfield>
    <subfield code="a">QUESTCL</subfield>
    <subfield code="b">QUESTCL</subfield>
    <subfield code="d">2019-12-18</subfield>
    <subfield code="l">0</subfield>
    <subfield code="p">961</subfield>
    <subfield code="r">2019-12-18 00:00:00</subfield>
    <subfield code="w">2019-12-18</subfield>
    <subfield code="y">BK</subfield>
  </datafield>
  <datafield tag="952" ind1=" " ind2=" ">
    <subfield code="0">0</subfield>
    <subfield code="1">0</subfield>
    <subfield code="4">0</subfield>
    <subfield code="7">0</subfield>
    <subfield code="a">QUESTCL</subfield>
    <subfield code="b">QUESTCL</subfield>
    <subfield code="d">2019-12-18</subfield>
    <subfield code="l">0</subfield>
    <subfield code="p">963</subfield>
    <subfield code="r">2019-12-18 00:00:00</subfield>
    <subfield code="w">2019-12-18</subfield>
    <subfield code="y">BK</subfield>
  </datafield>
  <datafield tag="952" ind1=" " ind2=" ">
    <subfield code="0">0</subfield>
    <subfield code="1">0</subfield>
    <subfield code="4">0</subfield>
    <subfield code="7">0</subfield>
    <subfield code="a">QUESTCL</subfield>
    <subfield code="b">QUESTCL</subfield>
    <subfield code="d">2019-12-18</subfield>
    <subfield code="l">0</subfield>
    <subfield code="p">964</subfield>
    <subfield code="r">2019-12-18 00:00:00</subfield>
    <subfield code="w">2019-12-18</subfield>
    <subfield code="y">BK</subfield>
  </datafield>
  <datafield tag="952" ind1=" " ind2=" ">
    <subfield code="0">0</subfield>
    <subfield code="1">0</subfield>
    <subfield code="4">0</subfield>
    <subfield code="7">0</subfield>
    <subfield code="a">QUESTCL</subfield>
    <subfield code="b">QUESTCL</subfield>
    <subfield code="d">2019-12-18</subfield>
    <subfield code="l">0</subfield>
    <subfield code="p">965</subfield>
    <subfield code="r">2019-12-18 00:00:00</subfield>
    <subfield code="w">2019-12-18</subfield>
    <subfield code="y">BK</subfield>
  </datafield>
  <datafield tag="952" ind1=" " ind2=" ">
    <subfield code="0">0</subfield>
    <subfield code="1">0</subfield>
    <subfield code="4">0</subfield>
    <subfield code="7">0</subfield>
    <subfield code="a">QUESTCL</subfield>
    <subfield code="b">QUESTCL</subfield>
    <subfield code="d">2019-12-18</subfield>
    <subfield code="l">0</subfield>
    <subfield code="p">966</subfield>
    <subfield code="r">2019-12-18 00:00:00</subfield>
    <subfield code="w">2019-12-18</subfield>
    <subfield code="y">BK</subfield>
  </datafield>
  <datafield tag="952" ind1=" " ind2=" ">
    <subfield code="0">0</subfield>
    <subfield code="1">0</subfield>
    <subfield code="4">0</subfield>
    <subfield code="7">0</subfield>
    <subfield code="a">QUESTCL</subfield>
    <subfield code="b">QUESTCL</subfield>
    <subfield code="d">2019-12-18</subfield>
    <subfield code="l">0</subfield>
    <subfield code="p">967</subfield>
    <subfield code="r">2019-12-18 00:00:00</subfield>
    <subfield code="w">2019-12-18</subfield>
    <subfield code="y">BK</subfield>
  </datafield>
  <datafield tag="952" ind1=" " ind2=" ">
    <subfield code="0">0</subfield>
    <subfield code="1">0</subfield>
    <subfield code="4">0</subfield>
    <subfield code="7">0</subfield>
    <subfield code="a">QUESTCL</subfield>
    <subfield code="b">QUESTCL</subfield>
    <subfield code="d">2019-12-18</subfield>
    <subfield code="l">0</subfield>
    <subfield code="p">954</subfield>
    <subfield code="r">2020-02-11 00:00:00</subfield>
    <subfield code="w">2019-12-18</subfield>
    <subfield code="y">BK</subfield>
  </datafield>
  <datafield tag="952" ind1=" " ind2=" ">
    <subfield code="0">0</subfield>
    <subfield code="1">0</subfield>
    <subfield code="4">0</subfield>
    <subfield code="7">0</subfield>
    <subfield code="a">SLME</subfield>
    <subfield code="b">SLME</subfield>
    <subfield code="d">2019-12-18</subfield>
    <subfield code="l">0</subfield>
    <subfield code="p">955</subfield>
    <subfield code="r">2019-12-18 00:00:00</subfield>
    <subfield code="w">2019-12-18</subfield>
    <subfield code="y">BK</subfield>
  </datafield>
  <datafield tag="952" ind1=" " ind2=" ">
    <subfield code="0">0</subfield>
    <subfield code="1">0</subfield>
    <subfield code="4">0</subfield>
    <subfield code="7">0</subfield>
    <subfield code="a">QUESTCL</subfield>
    <subfield code="b">QUESTCL</subfield>
    <subfield code="d">2019-12-18</subfield>
    <subfield code="l">0</subfield>
    <subfield code="p">956</subfield>
    <subfield code="r">2024-02-20 00:00:00</subfield>
    <subfield code="w">2019-12-18</subfield>
    <subfield code="y">BK</subfield>
  </datafield>
  <datafield tag="952" ind1=" " ind2=" ">
    <subfield code="0">0</subfield>
    <subfield code="1">0</subfield>
    <subfield code="4">0</subfield>
    <subfield code="7">0</subfield>
    <subfield code="a">QUESTCL</subfield>
    <subfield code="b">QUESTCL</subfield>
    <subfield code="d">2019-12-18</subfield>
    <subfield code="l">0</subfield>
    <subfield code="p">957</subfield>
    <subfield code="r">2019-12-18 00:00:00</subfield>
    <subfield code="w">2019-12-18</subfield>
    <subfield code="y">BK</subfield>
  </datafield>
  <datafield tag="952" ind1=" " ind2=" ">
    <subfield code="0">0</subfield>
    <subfield code="1">0</subfield>
    <subfield code="4">0</subfield>
    <subfield code="7">0</subfield>
    <subfield code="a">QUESTCL</subfield>
    <subfield code="b">QUESTCL</subfield>
    <subfield code="d">2019-12-18</subfield>
    <subfield code="l">0</subfield>
    <subfield code="p">958</subfield>
    <subfield code="r">2019-12-18 00:00:00</subfield>
    <subfield code="w">2019-12-18</subfield>
    <subfield code="y">BK</subfield>
  </datafield>
</record>
